| 000 | 00560nam a22001937a 4500 | ||
|---|---|---|---|
| 003 | OSt | ||
| 005 | 20140310182526.0 | ||
| 008 | 130812t xxu||||| |||| 00| 0 eng d | ||
| 020 | _a9780071220040 | ||
| 050 |
_aQH 431 _b.L673 2008 |
||
| 100 |
_aLewis, Ricki. _99525 |
||
| 245 |
_aHuman Genetics : _bconcepts and applications / _cRicki Lewis. |
||
| 250 | _a9th ed. | ||
| 260 |
_aNew York: _bMcGraw-Hill Companies, Inc., _cc2010. |
||
| 300 |
_axxiv, 446 p. : _bill. col. ; _c28 cm. |
||
| 650 |
_aHuman Genetics. _99526 |
||
| 942 |
_2lcc _cSSLC |
||
| 999 |
_c14076 _d14076 |
||